| 000 | 00666nam a2200229 a 4500 | ||
|---|---|---|---|
| 005 | 20140310183615.0 | ||
| 008 | 120831s19uu xx 00 eng d | ||
| 020 | _a9780781774109 | ||
| 050 |
_aRT 89 _b.El43 2009 |
||
| 100 | _aEllis, Janice Rider | ||
| 245 | _aManaging and coordinatingnursing care. | ||
| 250 | _a5th ed. | ||
| 260 |
_aPhiladelphia : _bWolters Kluwer, _c2009. |
||
| 300 |
_a570 p. : _bill. ; _c25 cm. |
||
| 500 | _aIncludes bibliographical references and index. | ||
| 521 | _aNUR | ||
| 650 |
_aNursing services _xAdministration |
||
| 650 | _aNursing planning | ||
| 700 | _aHartley, Celia Love | ||
| 942 |
_cBK _2lcc _kFOR |
||
| 999 |
_c25314 _d25314 |
||